| 000 | 00631nam a2200193Ia 4500 | ||
|---|---|---|---|
| 008 | 151119s9999||||xx |||||||||||||| ||und|| | ||
| 082 | _a927.92 | ||
| 082 | _bGKKV10210 | ||
| 100 | _aमुजावर इसाक | ||
| 245 | _aगुरुदत्त एक अशांत कलावंत | ||
| 260 | _a-- | ||
| 260 | _b-- | ||
| 260 | _c0 | ||
| 600 | _aमुजावर इसाक | ||
| 630 | _aगुरुदत्त एक अशांत कलावंत | ||
| 700 | _aमुजावर इसाक | ||
| 730 | _aगुरुदत्त एक अशांत कलावंत | ||
| 942 | _cBOOK | ||
| 999 |
_c1064382 _d1064379 |
||